01483nam a2200349Ia 4500001001200000003000800012006001900020007001500039008004100054020002600095020001800121040002100139035002100160050002800181100004100209245011600250260006100366300001800427440003500445500006500480500003700545504004100582533015200623650003400775650002500809650005500834655002900889710005500918710001700973856012600990999001701116ebr10644339CaPaEBRm u cr cn|||||||||130126s2012 dcua sb 000 0 eng d z9781475525922 (ebook) z9781557754455 aCaPaEBRcCaPaEBR a(OCoLC)82020481414aHD9560.8.A1bS65 2012eb1 aSmith, James L.q(James Lee),d1950-10aModeling the impact of taxes on petroleum exploration and developmenth[electronic resource] /cJames L. Smith. aWashington, D.C. :bInternational Monetary Fund,cc2012. a45 p. :bill. 0aIMF working paper ;vWP/12/278 aAt head of title: Fiscal Affairs Department -- verso of t.p. a"November 2012" -- verso of t.p. aIncludes bibliographical references. aElectronic reproduction.bPalo Alto, Calif. :cebrary,d2013.nAvailable via World Wide Web.nAccess may be limited to ebrary affiliated libraries. 0aPetroleum industry and trade. 0aPetroleumxTaxation. 0aPetroleum industry and tradexMathematical models. 7aElectronic books.2local2 aInternational Monetary Fund.bFiscal Affairs Dept.2 aebrary, Inc.40uhttp://site.ebrary.com/lib/rucke/Doc?id=10644339zAn electronic book accessible through the World Wide Web; click to view c42375d42375